000 00381nam a2200157Ia 4500
008 100204s9999 xx 000 0 und d
082 _b28523
100 _aकुंटे जगन्नाथ
245 _aकालिंदी
250 _a0
260 _c2008
300 _a240
630 _aकालिंदी
730 _aकालिंदी
942 _cBOOK
999 _c473683
_d473680